[Event "Duna Kupa (Nõi Nyílt Bajnokság)"]
[Site "Budapest"]
[Date "2015.10.01"]
[Round "9.2"]
[White "Almasi, Istvan"]
[Black "Vajda, Szidonia"]
[Result "1/2-1/2"]
[WhiteElo "2409"]
[BlackElo "2352"]
[PlyCount "61"]
[EventDate "2015.09.23"]
[EventType "swiss"]
[EventRounds "9"]
[EventCountry "HUN"]

1. Nf3 d5 2. c4 c6 3. e3 Nf6 4. Nc3 g6 5. d4 Bg7 6. Be2 O-O 7. O-O Bg4 8. Qb3
Qb6 9. h3 Bxf3 10. Bxf3 e6 11. Bd2 Nbd7 12. Rfc1 Qxb3 13. axb3 a6 14. Na4 Rfe8
15. Ba5 Rac8 16. Nb6 Nxb6 17. Bxb6 Nd7 18. Ba5 f5 19. Rc2 Nf6 20. g4 Ne4 21.
gxf5 gxf5 22. Kh1 Kh8 23. Rg1 Rg8 24. Bb4 Bf6 25. Bxe4 fxe4 26. Bd6 Rxg1+ 27.
Kxg1 Kg7 28. f3 exf3 29. Rf2 Rd8 30. c5 Re8 31. Rxf3 1/2-1/2

[Event "Duna Kupa (Nõi Nyílt Bajnokság)"]
[Site "Budapest"]
[Date "2015.10.01"]
[Round "9.3"]
[White "Aczel, Gergely"]
[Black "Kantor, Gergely"]
[Result "1/2-1/2"]
[WhiteElo "2494"]
[BlackElo "2403"]
[PlyCount "23"]
[EventDate "2015.09.23"]
[EventType "swiss"]
[EventRounds "9"]
[EventCountry "HUN"]

1. d4 d5 2. c4 c6 3. cxd5 cxd5 4. Nf3 Nf6 5. Nc3 Nc6 6. Bf4 Bf5 7. e3 e6 8. Bd3
Bxd3 9. Qxd3 Bd6 10. Bxd6 Qxd6 11. O-O O-O 12. h3 1/2-1/2

[Event "Duna Kupa (Nõi Nyílt Bajnokság)"]
[Site "Budapest"]
[Date "2015.10.01"]
[Round "9.4"]
[White "Madl, Ildiko"]
[Black "Reznak, Attila"]
[Result "0-1"]
[WhiteElo "2366"]
[BlackElo "2340"]
[PlyCount "58"]
[EventDate "2015.09.23"]
[EventType "swiss"]
[EventRounds "9"]
[EventCountry "HUN"]

1. e4 c5 2. Nf3 e6 3. b3 b6 4. Bb2 Bb7 5. Nc3 d6 6. d4 cxd4 7. Qxd4 a6 8. Be2
Nf6 9. h3 Nc6 10. Qe3 Rc8 11. a3 Be7 12. O-O O-O 13. Bd3 b5 14. a4 b4 15. Ne2
Re8 16. Rfd1 e5 17. Ng3 Bf8 18. Qe2 Qb6 19. Rd2 Na5 20. Rdd1 Rc7 21. Nd2 d5 22.
Nh5 Nxe4 23. Nxe4 dxe4 24. Bxe4 Bxe4 25. Qxe4 Qg6 26. Ng3 Rxc2 27. Qd5 Qb6 28.
Bxe5 Qxf2+ 29. Kh2 Rxe5 0-1

[Event "Duna Kupa (Nõi Nyílt Bajnokság)"]
[Site "Budapest"]
[Date "2015.10.01"]
[Round "9.5"]
[White "Nemeth, Zoltan"]
[Black "Boguszlavszkij, Jevgenyij"]
[Result "1-0"]
[WhiteElo "2296"]
[BlackElo "2204"]
[PlyCount "43"]
[EventDate "2015.09.23"]
[EventType "swiss"]
[EventRounds "9"]
[EventCountry "HUN"]

1. Nf3 g6 2. g3 Bg7 3. d4 Nf6 4. c4 O-O 5. Bg2 d6 6. Nc3 Nbd7 7. O-O e5 8. e4
Re8 9. h3 exd4 10. Nxd4 Nc5 11. Re1 Ne6 12. Be3 Nxd4 13. Bxd4 Bd7 14. Qd3 a5
15. Rad1 Qc8 16. e5 dxe5 17. Bxe5 Bxh3 18. Bxf6 Rxe1+ 19. Rxe1 Bxg2 20. Kxg2
Bxf6 21. Nd5 Qd8 22. Re8+ 1-0

[Event "Duna Kupa (Nõi Nyílt Bajnokság)"]
[Site "Budapest"]
[Date "2015.10.01"]
[Round "9.6"]
[White "Berta, Sandor"]
[Black "Havanecz, Bianka"]
[Result "0-1"]
[WhiteElo "2051"]
[BlackElo "2252"]
[PlyCount "116"]
[EventDate "2015.09.23"]
[EventType "swiss"]
[EventRounds "9"]
[EventCountry "HUN"]

1. e4 e5 2. Bc4 Nc6 3. Nf3 Bc5 4. c3 Nf6 5. d3 a6 6. Bb3 O-O 7. Nbd2 Ba7 8. h3
d5 9. Qe2 dxe4 10. dxe4 Qe7 11. Nf1 Be6 12. g4 Bxb3 13. axb3 Qe6 14. b4 Ne7 15.
Ng3 Ng6 16. g5 Ne8 17. Be3 Nd6 18. Ra5 Nc4 19. Rd5 Nxe3 20. fxe3 c6 21. Rd2
Rad8 22. Nf5 Ne7 23. N3h4 Bb6 24. Rf1 Rxd2 25. Qxd2 Rd8 26. Qe2 Ng6 27. Nf3 c5
28. bxc5 Bxc5 29. b4 Bf8 30. Rf2 Ne7 31. Nh2 Qc6 32. Qc2 Rc8 33. Ng4 Nxf5 34.
Rxf5 Bxb4 35. Nxe5 Bxc3+ 36. Ke2 Bxe5 37. Qxc6 Rxc6 38. Rxe5 Kf8 39. Kd3 h6 40.
gxh6 Rxh6 41. Rc5 Rd6+ 42. Ke2 Ke7 43. h4 g6 44. Kf3 Kd7 45. Kf4 b5 46. e5 Rb6
47. Rd5+ Ke6 48. h5 gxh5 49. Rd8 b4 50. Rh8 Ke7 51. Rh7 b3 52. e6 Rxe6 53. Rxh5
b2 54. Rh1 Rb6 55. Rb1 a5 56. Ke4 a4 57. Kd3 a3 58. Kc2 Ke6 0-1

[Event "Duna Kupa (Nõi Nyílt Bajnokság)"]
[Site "Budapest"]
[Date "2015.10.01"]
[Round "9.7"]
[White "Rudolf, Anna"]
[Black "Halak, Miklos"]
[Result "1-0"]
[WhiteElo "2329"]
[BlackElo "2253"]
[PlyCount "63"]
[EventDate "2015.09.23"]
[EventType "swiss"]
[EventRounds "9"]
[EventCountry "HUN"]

1. Nf3 d5 2. d4 Nf6 3. c4 c6 4. e3 Bg4 5. Nbd2 e6 6. h3 Bxf3 7. Qxf3 Nbd7 8. g4
h6 9. Bg2 Bb4 10. O-O O-O 11. Qe2 Bxd2 12. Bxd2 Ne4 13. Bb4 Re8 14. Rfd1 Ndf6
15. b3 Qb6 16. Be1 e5 17. f3 Ng5 18. c5 Qd8 19. dxe5 Nd7 20. f4 Nh7 21. b4 f6
22. e4 fxe5 23. exd5 Rc8 24. Qc4 Kh8 25. dxc6 bxc6 26. Rd6 exf4 27. Bc3 Nhf6
28. Bxf6 gxf6 29. Qxf4 Kg7 30. Rad1 Re7 31. Qd4 Rc7 32. Rxf6 1-0

[Event "Duna Kupa (Nõi Nyílt Bajnokság)"]
[Site "Budapest"]
[Date "2015.10.01"]
[Round "9.8"]
[White "Gara, Anita"]
[Black "Jamrich, Gyorgy"]
[Result "1-0"]
[WhiteElo "2307"]
[BlackElo "2207"]
[PlyCount "111"]
[EventDate "2015.09.23"]
[EventType "swiss"]
[EventRounds "9"]
[EventCountry "HUN"]

1. e4 c6 2. c4 d5 3. exd5 cxd5 4. cxd5 Nf6 5. Nc3 Nxd5 6. Nf3 Nc6 7. Bb5 a6 8.
Bxc6+ bxc6 9. O-O e6 10. Re1 Be7 11. Ne5 Bb7 12. d4 O-O 13. Ne4 Rc8 14. Nc5
Bxc5 15. dxc5 Qe7 16. Qg4 Rfd8 17. Bh6 f6 18. Nc4 Rc7 19. Bd2 e5 20. Ba5 Bc8
21. Qh4 Qxc5 22. Bxc7 Nxc7 23. Rxe5 Nd5 24. Rae1 Bd7 25. b3 a5 26. R5e2 a4 27.
Ne3 axb3 28. axb3 Be6 29. Nxd5 Bxd5 30. b4 Qc3 31. Re3 Qd2 32. h3 Rb8 33. Qf4
Rf8 34. Qd6 h6 35. Qc5 Rf7 36. h4 Kh7 37. h5 f5 38. Qd6 Rf6 39. Qb8 Bf7 40. Re7
Qg5 41. R1e3 Bxh5 42. Rg3 Qc1+ 43. Kh2 Rf7 44. Re8 g6 45. Rh8+ Kg7 46. Qe5+ Rf6
47. Qe7+ Kxh8 48. Qxf6+ Kg8 49. Re3 g5 50. Qd8+ Kg7 51. Re7+ Bf7 52. Qd4+ Kg6
53. Qd6+ Kg7 54. Qe5+ Kg6 55. Rd7 Bd5 56. Rd6+ 1-0

[Event "Duna Kupa (Nõi Nyílt Bajnokság)"]
[Site "Budapest"]
[Date "2015.10.01"]
[Round "9.9"]
[White "Marosi, Levente"]
[Black "Vegh, Endre"]
[Result "1-0"]
[WhiteElo "2212"]
[BlackElo "2259"]
[PlyCount "115"]
[EventDate "2015.09.23"]
[EventRounds "9"]
[EventCountry "HUN"]

1. e4 d6 2. d4 Nf6 3. Nc3 c6 4. Nf3 Bg4 5. h3 Bh5 6. g4 Bg6 7. Qe2 e6 8. h4 h5
9. g5 Nfd7 10. Bf4 Be7 11. Bg2 Na6 12. O-O-O d5 13. exd5 cxd5 14. Ne5 Nxe5 15.
Bxe5 O-O 16. Bf3 Bb4 17. Bxh5 Bxc3 18. bxc3 Rc8 19. Bxg6 fxg6 20. h5 Rxc3 21.
hxg6 Rff3 22. Rd3 Qxg5+ 23. Qd2 Qxd2+ 24. Rxd2 Rh3 25. Rxh3 Rxh3 26. Bd6 Rc3
27. Re2 Rc6 28. Rxe6 Nc7 29. Re7 Rxd6 30. Rxc7 Rxg6 31. Rxb7 Rf6 32. Rxa7 Rxf2
33. Rd7 Kh7 34. Kd1 Kh6 35. Rxd5 g5 36. Rc5 g4 37. Ke1 Rf4 38. d5 Ra4 39. Kf2
Rxa2 40. Kg3 Ra4 41. c4 Kg5 42. d6+ Kf6 43. Rc7 Ke6 44. c5 Rd4 45. Kh4 Rd1 46.
Kxg4 Rd2 47. Kg5 Rg2+ 48. Kh6 Rd2 49. Kg7 Rg2+ 50. Kf8 Rf2+ 51. Ke8 Rh2 52. Rf7
Rh8+ 53. Rf8 Rh7 54. Kd8 Ra7 55. Re8+ Kd5 56. d7 Kxc5 57. Kc8 Kc6 58. Re6+ 1-0

[Event "Duna Kupa (Nõi Nyílt Bajnokság)"]
[Site "Budapest"]
[Date "2015.10.01"]
[Round "9.10"]
[White "Kormos, Adam"]
[Black "Balint, Vilmos"]
[Result "0-1"]
[WhiteElo "2116"]
[BlackElo "2288"]
[PlyCount "58"]
[EventDate "2015.09.23"]
[EventType "swiss"]
[EventRounds "9"]
[EventCountry "HUN"]

1. e4 Nc6 2. Nf3 e5 3. Bb5 a6 4. Ba4 Nge7 5. d4 exd4 6. Nxd4 Nxd4 7. Qxd4 Nc6
8. Qe3 g6 9. Bd2 Bg7 10. Bc3 O-O 11. Bxg7 Kxg7 12. Nc3 d6 13. Nd5 f6 14. O-O-O
b5 15. Bb3 Na5 16. Nf4 Nxb3+ 17. Qxb3 Qe7 18. Qd5 Rb8 19. Qc6 Rf7 20. Nd5 Qxe4
21. f3 Qa4 22. Nxc7 Bf5 23. Rhe1 Rc8 24. Ne8+ Kh6 25. Qxc8 Bxc8 26. Kb1 Bf5 27.
b3 Bxc2+ 28. Kxc2 Qxa2+ 29. Kc3 b4+ 0-1

[Event "Duna Kupa (Nõi Nyílt Bajnokság)"]
[Site "Budapest"]
[Date "2015.10.01"]
[Round "9.11"]
[White "Hando, Vilmos"]
[Black "Terbe, Julianna"]
[Result "0-1"]
[WhiteElo "2332"]
[BlackElo "2233"]
[PlyCount "100"]
[EventDate "2015.09.23"]
[EventType "swiss"]
[EventRounds "9"]
[EventCountry "HUN"]

1. d4 d5 2. c4 c6 3. cxd5 cxd5 4. Nc3 Nf6 5. Bf4 Qb6 6. Qc2 Nc6 7. Nf3 Nb4 8.
Qd1 Bf5 9. Rc1 e6 10. e3 a6 11. Be2 Be7 12. O-O O-O 13. Ne5 Rfc8 14. g4 Be4 15.
f3 Bg6 16. h4 h6 17. Nxg6 fxg6 18. a3 Nc6 19. Na4 Qd8 20. Nc5 Bxc5 21. dxc5 e5
22. Bg3 Kh8 23. Qc2 Qe8 24. Kg2 d4 25. e4 a5 26. b3 Qe7 27. Bd3 Nd7 28. Qc4 Nd8
29. b4 axb4 30. axb4 b6 31. Qd5 bxc5 32. bxc5 Nxc5 33. Bc4 Nc6 34. Qf7 Qxf7 35.
Bxf7 Nd3 36. Rcd1 Ncb4 37. Bxg6 Rc2+ 38. Kh3 Raa2 39. g5 hxg5 40. hxg5 Ra6 41.
Be8 g6 42. Bb5 Ra3 43. Rb1 Rc5 44. Be8 Kg7 45. Kg4 Ra8 46. Bd7 Nc2 47. Bf2 Ra7
48. Bb5 Nxf2+ 49. Rxf2 Na3 50. Ra2 Rcc7 0-1

[Event "Duna Kupa (Nõi Nyílt Bajnokság)"]
[Site "Budapest"]
[Date "2015.10.01"]
[Round "9.12"]
[White "Lyell, Mark"]
[Black "Polyik, Peter"]
[Result "1/2-1/2"]
[WhiteElo "2313"]
[BlackElo "2178"]
[PlyCount "108"]
[EventDate "2015.09.23"]
[EventType "swiss"]
[EventRounds "9"]
[EventCountry "HUN"]

1. e4 c5 2. c3 Nf6 3. e5 Nd5 4. Nf3 Nc6 5. Bc4 Nb6 6. Bb3 d5 7. exd6 Qxd6 8.
Na3 Be6 9. d4 cxd4 10. Nb5 Qd7 11. Bxe6 Qxe6+ 12. Be3 O-O-O 13. cxd4 a6 14. Nc3
Nd5 15. Qe2 h6 16. O-O g5 17. Rfc1 Kb8 18. Nd2 Nf4 19. Qf3 Nxd4 20. Bxf4+ Ka8
21. Qh5 gxf4 22. Re1 Qg6 23. Qxg6 fxg6 24. Rac1 Nc6 25. Nb3 e5 26. Red1 Bg7 27.
Ne4 Rxd1+ 28. Rxd1 Nd4 29. Nxd4 exd4 30. Nc5 Rc8 31. Nd3 g5 32. Kf1 Kb8 33. Ke2
Re8+ 34. Kf3 Kc7 35. Re1 Rxe1 36. Nxe1 Kd6 37. Ke4 Kc5 38. h4 b5 39. hxg5 hxg5
40. Nf3 d3 41. Kxd3 Bxb2 42. Nxg5 Kd5 43. Nf3 a5 44. g3 fxg3 45. fxg3 a4 46. g4
b4 47. Nd2 Bf6 48. Ne4 Bg7 49. g5 b3 50. axb3 axb3 51. Nf6+ Bxf6 52. gxf6 b2
53. Kc2 Ke6 54. Kxb2 Kxf6 1/2-1/2

[Event "Duna Kupa (Nõi Nyílt Bajnokság)"]
[Site "Budapest"]
[Date "2015.10.01"]
[Round "9.13"]
[White "Marta, Dominik"]
[Black "Szalanczy, Emil"]
[Result "1-0"]
[WhiteElo "2009"]
[BlackElo "2280"]
[PlyCount "81"]
[EventDate "2015.09.23"]
[EventType "swiss"]
[EventRounds "9"]
[EventCountry "HUN"]

1. e4 c5 2. Nf3 d6 3. d4 cxd4 4. Nxd4 Nf6 5. Nc3 g6 6. Be3 Bg7 7. f3 Nc6 8. Qd2
O-O 9. Bc4 Bd7 10. O-O-O Rc8 11. Bb3 Ne5 12. h4 Qa5 13. g4 Rxc3 14. Qxc3 Qxc3
15. bxc3 Rc8 16. Kb2 Ne8 17. Bg5 e6 18. Bf4 b5 19. Bxe5 Bxe5 20. Rhf1 a5 21. a3
Bf4 22. Ne2 Be3 23. f4 Bc5 24. f5 Nc7 25. h5 Kg7 26. hxg6 hxg6 27. f6+ Kh6 28.
g5+ Kxg5 29. e5 Rh8 30. Rd3 Rh4 31. Ng1 Kh6 32. Nf3 Rh5 33. exd6 Ne8 34. Bxe6
Bxe6 35. d7 Bxd7 36. Rxd7 Nxf6 37. Rxf7 Ne4 38. Re1 Nd6 39. Rd7 Nc4+ 40. Ka2
Bxa3 41. Re8 1-0

[Event "Duna Kupa (Nõi Nyílt Bajnokság)"]
[Site "Budapest"]
[Date "2015.10.01"]
[Round "9.14"]
[White "Keschitz, Gyorgy"]
[Black "Dudas, Eszter"]
[Result "1-0"]
[WhiteElo "2260"]
[BlackElo "2145"]
[PlyCount "89"]
[EventDate "2015.09.23"]
[EventType "swiss"]
[EventRounds "9"]
[EventCountry "HUN"]

1. Nf3 g6 2. g3 Bg7 3. Bg2 c5 4. d3 Nc6 5. O-O e5 6. c4 d6 7. Nc3 Be6 8. a3
Nge7 9. Rb1 a5 10. Bd2 O-O 11. Nb5 Rb8 12. Ng5 Bf5 13. Ne4 Nc8 14. Bg5 f6 15.
Bd2 Be6 16. Nec3 N8e7 17. Nd5 h6 18. Qa4 b6 19. b4 axb4 20. axb4 Nd4 21. Nxd4
exd4 22. bxc5 Bxd5 23. cxd6 Bxg2 24. dxe7 Qxe7 25. Kxg2 Qxe2 26. Qc2 g5 27.
Rfe1 Qh5 28. Rb5 f5 29. Qd1 Qg6 30. Qf3 Kh8 31. Bb4 Rf7 32. Rd5 f4 33. g4 Ra7
34. Rd6 Qf7 35. Rde6 Qb7 36. R1e4 Qa8 37. h4 Rf7 38. h5 Qa4 39. Bd6 Rd8 40. Be5
b5 41. cxb5 Qxb5 42. Rxh6+ Kg8 43. Rg6 Kh8 44. Rxg7 Rxg7 45. h6 1-0

[Event "Duna Kupa (Nõi Nyílt Bajnokság)"]
[Site "Budapest"]
[Date "2015.10.01"]
[Round "9.15"]
[White "Erdos, Boglarka"]
[Black "Goczo, Melinda"]
[Result "1/2-1/2"]
[WhiteElo "2186"]
[BlackElo "2280"]
[PlyCount "27"]
[EventDate "2015.09.23"]
[EventType "swiss"]
[EventRounds "9"]
[EventCountry "HUN"]

1. e4 c6 2. d4 d5 3. e5 Bf5 4. Nf3 e6 5. Be2 Bg6 6. O-O Ne7 7. Nbd2 c5 8. dxc5
Nec6 9. Nb3 Nd7 10. Be3 a6 11. c4 dxc4 12. Bxc4 Ndxe5 13. Nxe5 Nxe5 14. Qxd8+
1/2-1/2

[Event "Duna Kupa (Nõi Nyílt Bajnokság)"]
[Site "Budapest"]
[Date "2015.10.01"]
[Round "9.16"]
[White "Juhasz, Barbara"]
[Black "Toth-Katona, Tamas"]
[Result "1/2-1/2"]
[WhiteElo "2175"]
[BlackElo "1979"]
[PlyCount "72"]
[EventDate "2015.09.23"]
[EventType "swiss"]
[EventRounds "9"]
[EventCountry "HUN"]

1. d4 f5 2. Nc3 Nf6 3. Bg5 d5 4. Bxf6 exf6 5. e3 c6 6. Bd3 g6 7. h4 Bd6 8. Qf3
h5 9. Nge2 Be6 10. Nf4 Bf7 11. O-O Nd7 12. a4 Qc7 13. Nh3 O-O-O 14. Qd1 Rdg8
15. Ne2 f4 16. exf4 Be6 17. f5 gxf5 18. Qd2 Rg4 19. g3 Rhg8 20. Kh1 Nf8 21.
Nef4 Bd7 22. Rg1 Bxf4 23. Nxf4 Ng6 24. Nxg6 R8xg6 25. Rae1 Rxd4 26. c3 Rdg4 27.
Qc2 Re4 28. c4 Re5 29. cxd5 cxd5 30. Rxe5 Qxc2 31. Re8+ Bxe8 32. Bxc2 Bd7 33.
Rd1 Rg4 34. Kg2 f4 35. b3 Kc7 36. Rd2 fxg3 1/2-1/2

[Event "Duna Kupa (Nõi Nyílt Bajnokság)"]
[Site "Budapest"]
[Date "2015.10.01"]
[Round "9.17"]
[White "Heyl, Thomas"]
[Black "Laza, Szabolcs"]
[Result "0-1"]
[WhiteElo "1975"]
[BlackElo "2150"]
[PlyCount "86"]
[EventDate "2015.09.23"]
[EventType "swiss"]
[EventRounds "9"]
[EventCountry "HUN"]

1. c4 c6 2. g3 d5 3. Nf3 Nf6 4. Bg2 dxc4 5. O-O Nbd7 6. Qc2 Nb6 7. a4 a5 8. Na3
Qd5 9. Ne1 Qe6 10. d3 Nfd5 11. Nxc4 Nb4 12. Qb3 Nxc4 13. dxc4 Qxe2 14. Bf3 Qe5
15. Bf4 Qc5 16. Nd3 Nxd3 17. Qxd3 Bf5 18. Qb3 Qb4 19. Qxb4 axb4 20. a5 Bd7 21.
a6 bxa6 22. Ra5 g6 23. Re1 f6 24. Rea1 e5 25. Be3 Kf7 26. Rxa6 Rxa6 27. Rxa6
Be7 28. Bxc6 Bxc6 29. Rxc6 Ra8 30. Rc7 Ke6 31. Ba7 Rd8 32. Rb7 Rd2 33. c5 Rxb2
34. c6 Rc2 35. c7 Bd6 36. Bb8 Kd7 37. Rb6 Be7 38. h4 Kc8 39. Re6 b3 40. Rxe7 b2
41. Re8+ Kb7 42. Ba7 b1=Q+ 43. Kg2 Kxa7 0-1

[Event "Duna Kupa (Nõi Nyílt Bajnokság)"]
[Site "Budapest"]
[Date "2015.10.01"]
[Round "9.18"]
[White "Vargyas, Zoltan"]
[Black "Bodrogi, Mihaly"]
[Result "1/2-1/2"]
[WhiteElo "2094"]
[BlackElo "2044"]
[PlyCount "56"]
[EventDate "2015.09.23"]
[EventType "swiss"]
[EventRounds "9"]
[EventCountry "HUN"]

1. d4 d5 2. c4 c6 3. Nf3 Nf6 4. g3 dxc4 5. Bg2 c5 6. O-O Nc6 7. Qa4 Qa5 8. Qxa5
Nxa5 9. dxc5 e6 10. Ne5 Nd7 11. Nxd7 Bxd7 12. Bd2 Nc6 13. Be3 Rc8 14. Rc1 Na5
15. Nd2 Bb5 16. Rc3 Be7 17. Ra3 b6 18. b4 cxb3 19. Nxb3 Nxb3 20. Rxb3 Bxe2 21.
cxb6 axb6 22. Rxb6 O-O 23. a4 Bf6 24. Rab1 Bd3 25. Rd1 Bc2 26. Rd2 Bxa4 27. h4
h6 28. Ra2 Bd1 1/2-1/2

[Event "Duna Kupa (Nõi Nyílt Bajnokság)"]
[Site "Budapest"]
[Date "2015.10.01"]
[Round "9.19"]
[White "Trajber, Csaba Dr"]
[Black "Piroska, Istvan"]
[Result "1-0"]
[WhiteElo "2031"]
[BlackElo "2065"]
[PlyCount "77"]
[EventDate "2015.09.23"]
[EventType "swiss"]
[EventRounds "9"]
[EventCountry "HUN"]

1. c4 e6 2. g3 d5 3. Bg2 Nf6 4. Nf3 dxc4 5. Na3 Bxa3 6. bxa3 O-O 7. Bb2 Nbd7 8.
O-O Nb6 9. Rc1 Bd7 10. Qc2 Ba4 11. Qb1 Bc6 12. Ng5 g6 13. Bxc6 bxc6 14. Qc2
Nfd5 15. Nf3 f6 16. Rfd1 Qe8 17. d3 cxd3 18. Rxd3 e5 19. e4 Ne7 20. a4 a5 21.
Ba3 Rf7 22. Rc3 Rd8 23. Bxe7 Qxe7 24. Rc5 Qd6 25. Qb3 Qd3 26. Rxc6 Rdd7 27.
R1c3 Qxe4 28. Rxc7 Nd5 29. Rxd7 Rxd7 30. Rc4 Qf5 31. Rc5 e4 32. Nd4 Qe5 33. Nc6
Qd6 34. Rxd5 Qxd5 35. Qxd5+ Rxd5 36. Ne7+ Kf7 37. Nxd5 Ke6 38. Ne3 Ke5 39. Nc4+
1-0

[Event "Duna Kupa (Nõi Nyílt Bajnokság)"]
[Site "Budapest"]
[Date "2015.10.01"]
[Round "9.20"]
[White "Szente Varga, Fruzsina"]
[Black "Fodor, Balazs"]
[Result "1-0"]
[WhiteElo "2240"]
[BlackElo "2057"]
[PlyCount "55"]
[EventDate "2015.09.23"]
[EventType "swiss"]
[EventRounds "9"]
[EventCountry "HUN"]

1. e4 e6 2. d4 d5 3. Nd2 Nc6 4. Ngf3 Nf6 5. e5 Nd7 6. Bb5 a6 7. Bxc6 bxc6 8.
Nb3 c5 9. Bg5 Be7 10. Na5 Nb8 11. h4 cxd4 12. Qxd4 c5 13. Qd2 f6 14. exf6 gxf6
15. Bh6 c4 16. O-O Qb6 17. a3 Nd7 18. b4 Ne5 19. Nxe5 fxe5 20. Bg7 Rg8 21. Qh6
Bd7 22. Qh5+ Kd8 23. Qxh7 Kc7 24. Bxe5+ Bd6 25. Rad1 Rg4 26. Bxd6+ Kxd6 27. Kh2
Rd4 28. Nb7+ 1-0

[Event "Duna Kupa (Nõi Nyílt Bajnokság)"]
[Site "Budapest"]
[Date "2015.10.01"]
[Round "9.21"]
[White "Torok, Tamas Titusz"]
[Black "Karacsonyi, Gellert"]
[Result "1/2-1/2"]
[WhiteElo "2139"]
[BlackElo "2055"]
[PlyCount "96"]
[EventDate "2015.09.23"]
[EventType "swiss"]
[EventRounds "9"]
[EventCountry "HUN"]

1. e4 e6 2. c4 d5 3. exd5 exd5 4. cxd5 Nf6 5. Bb5+ Nbd7 6. Nc3 Be7 7. Nf3 O-O
8. O-O Nb6 9. h3 Nbxd5 10. d4 h6 11. Re1 Bf5 12. Qb3 Nb4 13. Re2 Be6 14. Bc4
Bxc4 15. Qxc4 c6 16. Bf4 Nbd5 17. Bh2 Bd6 18. Be5 Re8 19. Rae1 Bxe5 20. dxe5
Nxc3 21. bxc3 Nd5 22. Nd4 Qg5 23. Nf3 Qd8 24. Rb2 Rb8 25. Qc5 a6 26. c4 Nf4 27.
Rd2 Nd3 28. Qe3 Nxe1 29. Rxd8 Nxf3+ 30. gxf3 Rbxd8 31. f4 Rd1+ 32. Kg2 Red8 33.
f5 R8d3 34. Qa7 Ra1 35. Qb8+ Kh7 36. Qxb7 Rxa2 37. Qxf7 Rdd2 38. Qg6+ Kg8 39.
Qe8+ Kh7 40. Qg6+ Kg8 41. Qe6+ Kh7 42. Qxc6 Rxf2+ 43. Kg3 Rxf5 44. Qe4 g6 45.
e6 Ra3+ 46. Kg2 Ra2+ 47. Kg3 Ra3+ 48. Kg2 Ra2+ 1/2-1/2

[Event "Duna Kupa (Nõi Nyílt Bajnokság)"]
[Site "Budapest"]
[Date "2015.10.01"]
[Round "9.22"]
[White "Rezsek, Gyozo"]
[Black "Terbe, Zsuzsanna"]
[Result "0-1"]
[WhiteElo "2015"]
[BlackElo "2087"]
[PlyCount "100"]
[EventDate "2015.09.23"]
[EventType "swiss"]
[EventRounds "9"]
[EventCountry "HUN"]

1. e4 c5 2. Nc3 Nc6 3. g3 g6 4. Bg2 Bg7 5. d3 d6 6. Be3 e5 7. Nge2 Nge7 8. O-O
Be6 9. Qd2 Nd4 10. Nd1 d5 11. Nc1 b6 12. c3 Ndc6 13. Bh6 O-O 14. Bxg7 Kxg7 15.
Qe2 Qd7 16. Ne3 Rac8 17. exd5 Nxd5 18. Nc4 f6 19. Nb3 Rcd8 20. Rfe1 Rfe8 21.
Rad1 Bg4 22. Bf3 Bh3 23. Rd2 h5 24. Ne3 Nd4 25. Qd1 Nxf3+ 26. Qxf3 Nxe3 27.
fxe3 a5 28. Rf2 Re6 29. Nc1 e4 30. dxe4 Qc6 31. Ne2 Bg4 32. Qg2 Qxe4 33. Nf4
Re7 34. h3 Bc8 35. Qf1 Rd6 36. Kh2 Kh6 37. Ng2 Qe5 38. Nh4 g5 39. Ng2 h4 40.
Rf3 Bb7 41. e4 hxg3+ 42. Kg1 Bxe4 43. Ne3 Bxf3 44. Ng4+ Bxg4 45. Rxe5 Rxe5 46.
hxg4 Rde6 47. Qd3 Re1+ 48. Kg2 R6e2+ 49. Kh3 g2 50. Qd6 Rh1+ 0-1